5HLuxD.jpg

KING HENRY VIII SENIOR AND PRIMARY SCHOOL LIBRARY OPAC

The housemaid is watching / (Record no. 5388)

000 -LEADER
fixed length control field 02428nam a2200361 i 4500
001 - CONTROL NUMBER
control field pr07444247
003 - CONTROL NUMBER IDENTIFIER
control field CaOWLBI
005 - DATE AND TIME OF LATEST TRANSACTION
control field 20250910082710.0
008 - FIXED-LENGTH DATA ELEMENTS--GENERAL INFORMATION
fixed length control field 240614s2024 ilu e 000 1 eng d
020 ## - INTERNATIONAL STANDARD BOOK NUMBER
International Standard Book Number 9781464223310
040 ## - CATALOGING SOURCE
Original cataloging agency DLC
Language of cataloging eng
Description conventions rda
Transcribing agency DLC
Modifying agency CaOWLBI
-- CaOL
-- KH8
082 ## - DEWEY DECIMAL CLASSIFICATION NUMBER
Classification number FIC MCF
100 1# - MAIN ENTRY--PERSONAL NAME
Personal name McFadden, Freida.
Relator term author.
245 14 - TITLE STATEMENT
Title The housemaid is watching /
Statement of responsibility, etc. Freida McFadden.
264 #1 - PRODUCTION, PUBLICATION, DISTRIBUTION, MANUFACTURE, AND COPYRIGHT NOTICE
Place of production, publication, distribution, manufacture Naperville, IL :
Name of producer, publisher, distributor, manufacturer Poisoned Pen Press,
Date of production, publication, distribution, manufacture, or copyright notice [2024]
264 #4 - PRODUCTION, PUBLICATION, DISTRIBUTION, MANUFACTURE, AND COPYRIGHT NOTICE
Date of production, publication, distribution, manufacture, or copyright notice ©2024.
300 ## - PHYSICAL DESCRIPTION
Extent 386 pages ;
Dimensions 20 cm.
336 ## - CONTENT TYPE
Content type term text
Content type code txt
Source rdacontent.
337 ## - MEDIA TYPE
Media type term unmediated
Media type code n
Source rdamedia.
338 ## - CARRIER TYPE
Carrier type term volume
Carrier type code nc
Source rdacarrier.
490 1# - SERIES STATEMENT
Series statement Housemaid series ;
Volume/sequential designation 3.
520 ## - SUMMARY, ETC.
Summary, etc. ""You must be our new neighbors!" Mrs. Lowell gushes and waves across the picket fence. I clutch my daughter's hand and smile back: but the second Mrs. Lowell sees my husband a strange expression crosses her face. In that moment I make a promise. We finally have a family home. My past is far, far behind us. And I'll do anything to keep it that way ... I used to clean other people's houses - now, I can't believe this home is actually mine. The charming kitchen, the quiet cul-de-sac, the huge yard where my kids can play. My husband and I saved for years to give our children the life they deserve. Even though I'm wary of our new neighbor Mrs. Lowell, when she invites us over for dinner it's our chance to make friends. Her maid opens the door wearing a white apron, her hair in a tight bun. I know exactly what it's like to be in her shoes. But her cold stare gives me chills ... The Lowells' maid isn't the only strange thing on our street. I'm sure I see a shadowy figure watching us. My husband leaves the house late at night. And when I meet a woman who lives across the way, her words chill me to the bone: Be careful of your neighbors. Did I make a terrible mistake moving my family here? I thought I'd left my darkest secrets behind. But could this quiet suburban street be the most dangerous place of all?"--Provided by publisher.
650 #0 - SUBJECT ADDED ENTRY--TOPICAL TERM
Topical term or geographic name entry element Family secrets
Form subdivision Fiction.
650 #0 - SUBJECT ADDED ENTRY--TOPICAL TERM
Topical term or geographic name entry element Neighbors
Form subdivision Fiction.
650 #0 - SUBJECT ADDED ENTRY--TOPICAL TERM
Topical term or geographic name entry element Secrecy
Form subdivision Fiction.
650 #0 - SUBJECT ADDED ENTRY--TOPICAL TERM
Topical term or geographic name entry element Spouses
Form subdivision Fiction.
650 #0 - SUBJECT ADDED ENTRY--TOPICAL TERM
Topical term or geographic name entry element Women household employees
Form subdivision Fiction.
650 #0 - SUBJECT ADDED ENTRY--TOPICAL TERM
Topical term or geographic name entry element Thrillers (Fiction)
Source of heading or term genre.
650 #0 - SUBJECT ADDED ENTRY--TOPICAL TERM
Topical term or geographic name entry element Domestic fiction.
Source of heading or term genre.
650 #0 - SUBJECT ADDED ENTRY--TOPICAL TERM
Topical term or geographic name entry element Psychological fiction.
Source of heading or term genre.
830 #0 - SERIES ADDED ENTRY--UNIFORM TITLE
Uniform title Housemaid series ;
Volume/sequential designation 3.
942 ## - ADDED ENTRY ELEMENTS (KOHA)
Source of classification or shelving scheme
Koha item type Books - Fiction
Holdings
Withdrawn status Lost status Source of classification or shelving scheme Damaged status Not for loan Collection code Permanent Location Current Location Shelving location Date acquired Total Checkouts Full call number Barcode Date due Date last seen Date last checked out Price effective from Koha item type
          Fiction KH8 Senior School Library KH8 Senior School Library Fiction 2025-09-10 1 FIC MCF 3KHSL000102411 2025-12-19 2025-12-03 2025-12-03 2025-09-10 Books - Fiction

Powered By KH8 IT Dept